000 00805nam a2200193 a 4500
001 000048376
005 20201002061116.0
008 190218s2018 dr 000 0 spa d
020 _a9789945585452
040 _aDO-SdBNP
_bspa
_cBNPHU
082 _a347.013
_bR426p
110 1 _aRepública Dominicana
_bPoder Judicial
_bDirección de Familia, Niñez, Adolescentes y Genero del Poder Judicial.
_975790
245 1 0 _aPolítica de igualdad para las personas con discapacidad :
_bPoder Judicial de la República Dominicana, formato de fácil lectura /.
260 _aSanto Domingo, :
_bPoder Judicial,
_c2018.
300 _a30 p. ;
_c22 cm.
590 _aInventariado, 2019/ YL
650 4 _aIncapacitados físicamente
_zRepública Dominicana
_975791
650 4 _aDerechos humanos
_zRepública Dominicana
_912374
999 _c47864
_d47864